| 000 | 00750nam a2200229 a 4500 | ||
|---|---|---|---|
| 999 |
_c10410 _d10410 |
||
| 001 | 10410 | ||
| 003 | BD-JhCC | ||
| 005 | 20190901134018.0 | ||
| 008 | 180425s2006 bg |||| ||a| 000 0 ben d | ||
| 020 | _a98482422780 | ||
| 035 | _a(BD-JhCC)10410 | ||
| 040 |
_aBD-JhCC _dBD-JhCC |
||
| 041 | _aben | ||
| 082 |
_a891.44 _bMIL 2006 |
||
| 100 | _aমিলন, ইমদাদুল হক | ||
| 245 |
_aছোটদের প্রিয় সায়েন্স ফিকশন / _cইমদাদুল হক মিলন (সম্পাদিত) |
||
| 260 |
_aঢাকা : _bজোনাকী প্রকাশনী, _c2006. |
||
| 300 |
_a405 p. : _c22 cm. |
||
| 650 | _a Science Fiction | ||
| 942 |
_2ddc _cBK _04 |
||